000 00475 a2200145 4500
040 _aDLC
_bDLC
082 _a954.035
100 _aMunawwar, Muhammad.
245 _aDimensions of Pakistan movement
_cMuhammad Munawwar
260 _aLahore :
_bServices Book Club,
_c1993.
300 _a235 p. ;
_c22 cm.
500 _aIncludes bibliographical references and index.
650 _a1.Pakistan movement.2.India --Politics and government --1919-1947.
942 _cBK
_k954.035 MUN
_2ddc
999 _c5165
_d5165